000 01238nam a22002417a 4500
003 OSt
005 20210211140247.0
008 210211s2010 cl d||fr|||| 10| 0 eng d
020 _a9789568853051
040 _aCO-JMCR
_cCO-JMCR
041 0 _aeng
082 0 4 _a331.252 /
_bS471d
_223
111 2 _aSeminario internacional "Desarrollando el potencial de los sistemas de pensiones de capitalización individual"
_d(2010 :
_913332
_cChile)
245 1 0 _aDeveloping the potential of the individually funded pension systems /
_cPresentations given at the international seminar "Developing the potential of the individually funded pension systems"organised by FIAP on may 6 and 7, 2010 in Viña del Mar, Chile.
250 _a1st edition
260 _aChile :
_bFIAP,
_c2010
300 _a300 páginas :
_bilustraciones y gráficos a blanco y negro ;
_c23 cm.
500 _aIncluye notas a píe de página.
505 0 _aHow can the coverage of the individually funded programs be extended -- New products -- The quest for excellence
650 1 4 _aSistema de pensiones
_913333
_xCongresos, seminarios, etc.
_zAmérica Latina
650 2 4 _aCapitalización individual
_913334
_vCongresos, seminarios, etc.
_zAmérica Latina
942 _2ddc
_cBK
999 _c7164
_d7164